LEADER 01181nam 2200289la 450 001 9910482649403321 005 20221102161727.0 035 $a(UK-CbPIL)2090364862 035 $a(CKB)5500000000092680 035 $a(EXLCZ)995500000000092680 100 $a20221102d1526 uy | 101 0 $alat 135 $aurcn||||a|bb| 200 10$aAristotelous peri zoon geneseos meta tes tou Philoponou exegeseos biblia pente. = Aristotelis De animalium generatione libri quinque cum Philoponi commentarijs 210 $aVenice $c[s.n.]$d1526 215 $aOnline resource ([2], 120 leaves , fol. (31 cm.)) 300 $aReproduction of original in The Wellcome Library, London. 700 $aAristotle$04207 701 $ade Nicolinis de Sabio$b Johannes Antonius$01891696 701 $aPetreius$b Nicolas$f1500-1568.$0853686 701 $aPhiloponus$b John$factive 6th century.$0160407 801 0$bUk-CbPIL 801 1$bUk-CbPIL 906 $aBOOK 912 $a9910482649403321 996 $aAristotelous peri zoon geneseos meta tes tou Philoponou exegeseos biblia pente. = Aristotelis De animalium generatione libri quinque cum Philoponi commentarijs$94535651 997 $aUNINA